| 000 | 00857cab a2200289 4500 | ||
|---|---|---|---|
| 001 | WB3033-11 | ||
| 008 | 090401t1994 xxu||||| |||| 00| 0 eng d | ||
| 035 | _a(Sirsi) u41595 | ||
| 041 | _aeng | ||
| 245 | _aNorthern Ireland | ||
| 260 | _c1994 | ||
| 350 | _a0 | ||
| 490 |
_aProperty Week _v48(10) 8 September 1994, 8-9(2) |
||
| 520 | _aMore interest is already being shown in the Northern Ireland market since the ceasefire. Security measures in the City of London and insurance premiums will remain. | ||
| 650 | _aBELFAST | ||
| 650 | _aCEASEFIRE | ||
| 650 | _aCITY OF LONDON | ||
| 650 | _aFOREIGN INVESTMENT | ||
| 650 | _aINSURANCE ISSUES | ||
| 650 | _aNORTHERN IRELAND | ||
| 650 | _aSECURITY CORDON | ||
| 650 | _aTERRORISM | ||
| 650 | _aUNITED STATES | ||
| 690 | _aPROPERTY-COMMERCIAL PROPERTY | ||
| 942 | _n0 | ||
| 948 | _c04/03/1997 | ||
| 999 |
_c26702 _d26702 |
||